Stati con meno di 100 000 abitanti - Statistics

Statistiche generali
  • Questo quiz è stato fatto 32 volte
  • Il punteggio medio è 9 su 11
Statistiche sulle risposte
Popolazione (ab.) Continente Nazione % Corretto
764 Europa Città del Vaticano
100%
33 889 Europa San Marino
97%
83 523 Europa Andorra
94%
39 050 Europa Monaco
94%
39 724 Europa Liechtenstein
87%
11 680 Oceania Nauru
74%
16 7333 Oceania Palau
74%
42 418 Oceania Isole Marshall
71%
47 195 America del Nord Saint Kitts e Nevis
71%
10 679 Oceania Tuvalu
71%
67 408 America del Nord Dominica
61%
Nessun quiz corrispondente trovato
Distribuzione punteggi
Percentuale di utenti per punteggio
Percentile per numero di risposta
I tuoi punteggi nel tempo
Non hai fatto questo quiz